| 000 | 00874cam a22002771 4500 | ||
|---|---|---|---|
| 001 | 3595 | ||
| 003 | BD-RjUL | ||
| 005 | 20211208233745.0 | ||
| 008 | 131219s1967 nyua b 001 0 eng | ||
| 035 | _a(BD-RjUL)3629 | ||
| 040 |
_aDLC _cDLC _dDLC _dBD-RjUL _beng |
||
| 041 | _aeng | ||
| 082 | 0 | 0 |
_a332.10973 _219 _bHUM 1967 |
| 100 | 1 |
_aHutchinson, Harry D. _911384 |
|
| 245 | 1 | 0 |
_aMoney, banking, and the United States economy / _c[by] Harry D. Hutchinson. |
| 260 |
_aNew York, _bAppleton-Century-Crofts, _cc1967 |
||
| 300 |
_axviii, 456 p. : _billus. , _c24 cm. |
||
| 504 | _aIncludes Index & Bibliographical footnotes. | ||
| 650 | 0 |
_aBanks and banking _zUnited States. _911385 |
|
| 650 | 0 |
_aMoney. _911386 |
|
| 650 | 0 |
_aInternational finance. _9461 |
|
| 650 | 0 |
_aMonetary policy _zUnited States. _97775 |
|
| 942 |
_2ddc _cBK |
||
| 999 |
_c3595 _d3595 |
||